| 000 | 00777nam a2200217Ia 4500 | ||
|---|---|---|---|
| 003 | GCL | ||
| 008 | 140319s9999 xx 000 0 ara d | ||
| 040 |
_aGCL / _cGCL |
||
| 082 | 0 | 4 |
_aد _b050 |
| 100 | 1 | _aزينات بيطار | |
| 245 | 1 | 0 |
_aالاستشراق فى الفن الرومانسى الفرنسى (عالم المعرفة 157 ) / _cزينات بيطار |
| 260 |
_a[S.N] : _bالمجلس الوطنى للثقافة والفنون والاداب ، _c1992 |
||
| 300 | _a422 ص | ||
| 490 |
_aكتاب المواهب _v0 |
||
| 650 | 0 | 4 | _aالاستشراق والمستشرقون |
| 650 | 0 | 4 | _aالطرق الفنية |
| 650 | 0 | 4 | _aالتصوير |
| 650 | 0 | 4 | _aالتصوير الفنى |
| 650 | 0 | 4 | _aالرومانتيكية فى الفن |
| 942 |
_2ddc _cCF |
||
| 999 |
_c27041 _d27041 |
||